000 00493nam a2200169Ia 4500
003 GCL
008 140319s9999 xx 000 0 ara d
040 _aGCL /
_cGCL
082 0 4 _aط
_b813.02
_bو د
100 1 _aوصفى ال وصفى
245 1 0 _aعصفور ذكى /
_cوصفى ال وصفى
260 _a[S.N] :
_bالمؤسسة العربية الحديثة
490 _aدنيا الاطفال
_v0
650 0 4 _aالاطفال
650 0 4 _aقصص الاطفال
942 _2ddc
_cBK
999 _c34752
_d34752